00630nam a22001815i 4500001000700000003000900007005001700016008004100033080001300074245005400087260003800141300002100179490009800200500003800298650001100336830006000347852004100407178203ES-MaACL20250827100434.0110523s1968 sp |||| | spa d a597.2/.503aLa monótona e insegura vida del pez en el agua. aMadrid : bDelblan, cD. L. 1968. a16 p. ; c16 cm.1 aMosaico cultural : colección de temas instructivos. 2. Curiosidades de la naturaleza ; v13 aEncuadernado con otros títulos.04aPeces.00aMosaico cultural: colección de temas instructivosv13 aES-MaACLjE-15189 (13) xOlim P-1923